Spectrum of social time (Record no. 216102)

MARC details
000 -LEADER
fixed length control field 00374nam a2200157Ia 4500
008 - FIXED-LENGTH DATA ELEMENTS--GENERAL INFORMATION
fixed length control field 230917s9999||||xx |||||||||||||| ||und||
020 ## - ISBN
Price FL40
040 ## - CATALOGING SOURCE
-- 6972
Original cataloging agency VIVEKANANDA LIBRARY
041 ## - Language
-- English
082 ## - DDC NUMBER
Classification number 153.753 G969S
100 ## - MAIN ENTRY--PERSONAL NAME
Personal name Gurvitch, Georges
245 #0 - TITLE STATEMENT
Title Spectrum of social time
260 ## - PUBLICATION, DISTRIBUTION, ETC. (IMPRINT)
Place of publication, distribution, etc Dordreeht
Name of publisher, distributor, etc D Reidal
Date of publication, distribution, etc 1964
300 ## - PHYSICAL DESCRIPTION
Pages ix, 152 p.
942 ## - ADDED ENTRY ELEMENTS (KOHA)
Koha item type Books
Holdings
Withdrawn status Lost status Damaged status Not for loan Location (home branch) Sublocation or collection (holding branch) Date acquired Koha issues (times borrowed) Koha full call number Accession No. Koha date last seen Koha item type
        VIVEKANANDA LIBRARY VIVEKANANDA LIBRARY 28/08/2002   153.753 G969S 80203 17/09/2023 Books
© Designed and Maintained by Vivekananda Library, MDU Rohtak